000 00719 a2200205 4500
999 _c6589
_d6589
020 _a9780124158498 (softcover)
050 0 0 _aQP 98 REI 2012
100 1 _aReid, Marion E.
_eauthor
245 1 4 _aThe blood group antigen factsbook /
_cMarion E. Reid, Christine Lomas-Francis and Martin L. Olsson
250 _a3rd ed.
264 1 _aAmsterdam :
_bElsevier/AP,
_c2012
300 _a745p.:
_bill.(col.)
500 _aIncludes bibliographical references and index
504 _aIncludes bibliographical references and index
650 0 _aBlood group antigens
650 0 _aImmunohematology
700 1 _aLomas-Francis, Christine.
_eauthor
700 1 _aOlsson, Martin L.
_eauthor
942 _2lcc
_cBK
_e3rd ed.
_h98
_iREI
_kQP